000 01003nam2a2200265 4500
001 RU\NLR\bibl\298288
005 20250620144504.0
010 _a5-275-00472-9
021 _aRU
_b2002-11964
_9590
035 _a(NLR Aleph) 000293587
090 _a1719363
_c1719363
100 _a20020821d2002 |||y0rusy50 ca
101 1 _arus
_ceng
102 _aRU
105 _ay |||||||||
200 0 _aТ. 3
210 _d2002
_aБ. м.
215 _a361,[2] с.
327 1 _aСодерж.: Георг - синяя птица/ А. Юрген. Каркаджу/ Р. Монтгомери. Охотники за орхидеями/ Ф. Флос
461 0 _1001RU\NLR\bibl\292388
_12001#$aДети лесов и прерий$vТ. 3
_91684496
_cМ.
_d2002
_f[Предисл. Ма Бодхи Пурно]
_nТЕРРА-Кн. клуб
_oВ 3 т.
_tДети лесов и прерий
_y5-275-00469-9
_vТ. 3
801 0 _aRU
_bNLR
_c20020821
_gPSBO
801 1 _aRU
_bNLR
_c20020821
942 _cBOOK
980 _aNB